000 00827nam0a22002411 4500
001 rc\688495
005 20250621212521.0
035 _a(NLR Aleph) 005925326
090 _a6520829
_c6520829
100 _a20031121d1985 |||y0rusy50 ca
101 0 _arus
102 _aRU
105 _aa |||||||||
200 1 _aСпартак
_eРоман
_fРафаэлло Джованьоли
_g[Пер. с ит. А. Ясной
_gВступ. ст. С. Утченко
_gПримеч. Д. [В!] Узина
_gИл. С. Бродского]
210 _aМ.
_cПравда
_d1985
215 _a622 с.
_cил.
_d21
225 1 _aБиблиотечная серия
700 1 _aДжованьоли
_bР.
_f1838-1915
_gРафаэлло
801 0 _aRU
_bNLR
_gpsbo
801 1 _aRU
_bELAR
_2rusmarc
852 _aNLR
_j86-3/7655
942 _cBOOK
980 _aNB